England landed society:in the nineteenth century (Record no. 417617)

000 -LEADER
fixed length control field 00494cam a22001217a 4500
008 - FIXED-LENGTH DATA ELEMENTS--GENERAL INFORMATION
fixed length control field 180718b1963 xxu||||| |||| 00| 0 eng d
082 ## - DEWEY DECIMAL CLASSIFICATION NUMBER
Classification number B123x42 T373
100 ## - MAIN ENTRY--PERSONAL NAME
Personal name Thompson, F.M.L.
245 ## - TITLE STATEMENT
Title England landed society:in the nineteenth century
Statement of responsibility, etc. by F.M.L. Thompson
260 ## - PUBLICATION, DISTRIBUTION, ETC.
Place of publication, distribution, etc. London
Name of publisher, distributor, etc. Routledge & Kagan Paul
Date of publication, distribution, etc. 1963
300 ## - PHYSICAL DESCRIPTION
Extent xiii,374p
650 ## - SUBJECT ADDED ENTRY--TOPICAL TERM
Topical term or geographic name entry element Gentry -Great Britain -History -19th century.Land tenure -Great Britain -History -19th century.Great Britain -Social conditions -19th century.
Holdings
Withdrawn status Lost status Damaged status Not for loan Permanent Location Current Location Date acquired Full call number Barcode Date last seen Price effective from Koha item type
        Indian Institute of Public Administration Indian Institute of Public Administration 2009-03-26 B123x42 T373 33284 2018-07-21 2018-07-21 Book

Powered by Koha